[Event "Wch U20 43rd"]
[Site "Cochin"]
[Date "2004.11.29"]
[Round "12"]
[White "Prasanna, K."]
[Black "Nitin, Senthilvel"]
[Result "0-1"]
[WhiteElo "2096"]
[BlackElo "2119"]
[PlyCount "80"]
[EventDate "2004.11.20"]
[EventType "swiss"]
[EventRounds "13"]
[EventCountry "IND"]
[SourceTitle "CBM 103 Extra"]
[Source "ChessBase"]
[SourceDate "2005.01.01"]
[SourceVersion "1"]
[SourceVersionDate "2005.01.01"]
[SourceQuality "1"]

1. Nf3 Nf6 2. b3 d6 3. d4 g6 4. Bb2 Bg7 5. e3 0-0 6. Be2 Nbd7 7. c4 Re8 8. Nc3 c6 9. Qc2 Qc7 10. h3 e5 11. 0-0-0 a6 12. g4 b6 13. dxe5 Nxe5 14. Qd2 d5 15. Nxe5 Rxe5 16. Kb1 Bb7 17. Rhg1 Rae8 18. g5 Nd7 19. cxd5 cxd5 20. Bf3 Rf5 21. Nxd5 Bxd5 22. Bxd5 Bxb2 23. Qxb2 Ree5 24. Bg2 Re8 25. h4 Nc5 26. Rh1 Qe7 27. Rd4 Qe5 28. Rhd1 Ne6 29. R4d2 Qc7 30. Bh3 Re5 31. Rd7 Qb8 32. Ka1 Nc5 33. R7d4 R5e7 34. Bg2 Qc7 35. Bd5 Re5 36. Rf4 R5e7 37. h5 gxh5 38. Rh1 Nd3 39. Qd4 Nxf4 40. exf4 Re1+ 0-1

[Event "Wch U20 43rd"]
[Site "Cochin"]
[Date "2004.11.22"]
[Round "5"]
[White "Prasanna, K."]
[Black "Venkat, Sundaram"]
[Result "1/2-1/2"]
[WhiteElo "2096"]
[BlackElo "2152"]
[PlyCount "89"]
[EventDate "2004.11.20"]
[EventType "swiss"]
[EventRounds "13"]
[EventCountry "IND"]
[SourceTitle "CBM 103 Extra"]
[Source "ChessBase"]
[SourceDate "2005.01.01"]
[SourceVersion "1"]
[SourceVersionDate "2005.01.01"]
[SourceQuality "1"]

1. Nf3 Nf6 2. e3 g6 3. d4 Bg7 4. c4 0-0 5. Nc3 d6 6. Be2 Nbd7 7. 0-0 e5 8. b4 Re8 9. a4 e4 10. Nd2 Nf8 11. b5 h5 12. a5 Bf5 13. Ba3 N8h7 14. Nd5 Nxd5 15. cxd5 Qg5 16. Re1 Nf6 17. Qb3 Bg4 18. Bxg4 Nxg4 19. h3 Nh6 20. Nf1 Nf5 21. Red1 Kh7 22. b6 Qe7 23. Rdc1 Rec8 24. Nd2 Qg5 25. Nxe4 Qe7 26. Nc3 axb6 27. axb6 cxb6 28. Nb5 Bh6 29. Qd3 Kg7 30. Rxc8 Rxc8 31. e4 Nh4 32. Bxd6 Qg5 33. Qg3 Rc1+ 34. Rxc1 Qxc1+ 35. Kh2 g5 36. Qe5+ Kg6 37. Be7 Bg7 38. Qd6+ Kh7 39. Qg3 Bh6 40. f4 gxf4 41. Qxh4 f3 42. Bd6 Qf1 43. gxf3 Qe2+ 44. Kh1 Qxf3+ 45. Kh2 1/2-1/2

[Event "Wch U20 43rd"]
[Site "Cochin"]
[Date "2004.11.21"]
[Round "4"]
[White "Arun, Karthik R"]
[Black "Prasanna, K."]
[Result "1/2-1/2"]
[WhiteElo "2152"]
[BlackElo "2096"]
[PlyCount "54"]
[EventDate "2004.11.20"]
[EventType "swiss"]
[EventRounds "13"]
[EventCountry "IND"]
[SourceTitle "CBM 103 Extra"]
[Source "ChessBase"]
[SourceDate "2005.01.01"]
[SourceVersion "1"]
[SourceVersionDate "2005.01.01"]
[SourceQuality "1"]

1. e4 c5 2. Nc3 Nc6 3. f4 g6 4. Nf3 Bg7 5. Bb5 Nd4 6. Bd3 d6 7. Nxd4 cxd4 8. Ne2 Nf6 9. 0-0 0-0 10. Qe1 Nd7 11. c3 Nc5 12. Bb1 d3 13. Ng3 a5 14. Rf3 Bg4 15. Rf2 Bd7 16. Rf3 Bb5 17. Nh1 d5 18. e5 d4 19. Nf2 f6 20. Nxd3 Bxd3 21. Bxd3 fxe5 22. Bc4+ Kh8 23. fxe5 Rxf3 24. gxf3 Qd7 25. b4 axb4 26. cxb4 Na4 27. Qe4 Rf8 1/2-1/2